00295aas a2200073 4500245003900000260008700039300006300126650003200189 a Islam today = L'Islam aujourd'hui aRabat:bIslamic Educational, Scientific and Cultural Organization (ISESCO), c1987 b1-135 p. in English, 136-264 p. in French,167 p. in Arabic aArab countries- Periodicals